| 000 | 00613nam a22002417a 4500 | ||
|---|---|---|---|
| 001 | 327 | ||
| 003 | FISKH | ||
| 005 | 20230321135218.0 | ||
| 008 | 230321b cb ||||| |||| 00| 0 eng d | ||
| 020 | _a9788182526167 | ||
| 040 |
_aFISKH _beng _cFISKH _dFISKH |
||
| 050 | _aPZ7 | ||
| 082 | _a398.2 | ||
| 100 | _aAnonymous Author | ||
| 245 |
_aBest loved _bFairy Tales |
||
| 260 |
_aMumbai _bWilco _c2012 |
||
| 300 |
_a96 leaves of plates _c28 cm. |
||
| 505 | _aF | ||
| 520 | _aA collection of rehashed fairy tales and illustrations. | ||
| 521 | 8 |
_a400
_bLexile |
|
| 521 | 8 |
_aF
_bRaz-Plus |
|
| 942 |
_2ddc _cBK _n0 |
||
| 999 |
_c327 _d327 |
||